San Sebastián, mártir (Record no. 151647)

MARC details
000 -LEADER
campo de control de longitud fija 00730nam a2200181 i 4500
001 - NÚMERO DE CONTROL
campo de control 151647
003 - IDENTIFICADOR DE NÚMERO DE CONTROL
campo de control ES-MaACL
005 - FECHA Y HORA DE LA ÚLTIMA TRANSACCIÓN
campo de control 20250713080432.0
008 - DATOS DE LONGITUD FIJA--INFORMACIÓN GENERAL
campo de control de longitud fija 931025s1887 sp |||| | spa d
100 1# - ENTRADA PRINCIPAL--NOMBRE DE PERSONA
Nombre de persona Aza, Vital,
Fechas asociadas al nombre 1851-1912
9 (RLIN) 24210
245 10 - MENCIÓN DEL TÍTULO
Título San Sebastián, mártir
Resto del título : comedia en tres actos y en prosa /
Mención de responsabilidad, etc. original de Vital Aza.
250 ## - MENCION DE EDICION
Mención de edición 3ª ed.
260 ## - PUBLICACIÓN, DISTRIBUCIÓN, ETC.
Lugar de publicación, distribución, etc. Madrid :
Nombre del editor, distribuidor, etc. Administración Lírico-dramática,
Fecha de publicación, distribución, etc. 1887 (
Fabricante R. Velasco)
300 ## - DESCRIPCIÓN FÍSICA
Extensión 91 p. ;
Dimensiones 20 cm.
500 ## - NOTA GENERAL
Nota general En port.: Estrenada en el Teatro de la Comedia el 29 de enero de 1885.
852 ## - LOCALIZACIÓN
Ubicación ES-MaACL
Número de control de estantería D-1326(2)
Nota libre -- Enc. hol., conservando la enc. editorial
-- -- Enc. en un vol. facticio
-- .- Legado M. de La Fuente
Holdings
Estatus retirado Estado de pérdida Estado de daño No para préstamo Colección Biblioteca de origen Biblioteca actual Ubicación en estantería Fecha de adquisición Fuente de adquisición Total de préstamos Signatura topográfica completa Código de barras Visto por última vez Precio de reemplazo Tipo de ítem Koha
        Libros del s. XIX Biblioteca del Ateneo de Madrid Biblioteca del Ateneo de Madrid Sala Valle Inclán 17/01/2008     D-1326(2) 901158258 23/02/2023 23/02/2023 Libro impreso antiguo